|
|
|
|
| LEADER |
01753nam a22003974a 4500 |
| 001 |
EBC3016750 |
| 003 |
MiAaPQ |
| 005 |
20200520144314.0 |
| 006 |
m o d | |
| 007 |
cr cn||||||||| |
| 008 |
041008s2005 nyu sb 001 0 eng |
| 010 |
|
|
|z 2004023825
|
| 020 |
|
|
|z 1593320701 (alk. paper)
|
| 035 |
|
|
|a (MiAaPQ)EBC3016750
|
| 035 |
|
|
|a (Au-PeEL)EBL3016750
|
| 035 |
|
|
|a (CaPaEBR)ebr10115162
|
| 035 |
|
|
|a (OCoLC)697760800
|
| 040 |
|
|
|a MiAaPQ
|c MiAaPQ
|d MiAaPQ
|
| 043 |
|
|
|a n-us---
|
| 050 |
|
4 |
|a KF4772
|b .K468 2005
|
| 082 |
0 |
4 |
|a 342.7308/53
|2 22
|
| 100 |
1 |
|
|a Kerr, Robert L.
|
| 245 |
1 |
4 |
|a The rights of corporate speech
|h [electronic resource] :
|b Mobil Oil and the legal development of the voice of big business /
|c Robert L. Kerr.
|
| 260 |
|
|
|a New York :
|b LFB Scholarly Pub.,
|c 2005.
|
| 300 |
|
|
|a ix, 212 p.
|
| 490 |
1 |
|
|a Law and society : recent scholarship
|
| 504 |
|
|
|a Includes bibliographical references (p. 203-210) and index.
|
| 505 |
0 |
|
|a The ideology of corporate citizenship -- 1970-74 : beginnings of a seismic shift -- 1975-77 : Citizen Mobil goes its own way -- 1978-80 : corporate speech heads to court -- Corporate speech in the '70s and beyond.
|
| 533 |
|
|
|a Electronic reproduction. Ann Arbor, MI : ProQuest, 2015. Available via World Wide Web. Access may be limited to ProQuest affiliated libraries.
|
| 610 |
2 |
0 |
|a Mobil Oil Corporation
|x Political activity.
|
| 650 |
|
0 |
|a Corporate speech
|z United States.
|
| 650 |
|
0 |
|a Corporations
|x Political activity
|x Law and legislation
|z United States.
|
| 655 |
|
4 |
|a Electronic books.
|
| 710 |
2 |
|
|a ProQuest (Firm)
|
| 830 |
|
0 |
|a Law and society (New York, N.Y.)
|
| 856 |
4 |
0 |
|u https://ebookcentral.proquest.com/lib/matrademy/detail.action?docID=3016750
|z Click to View
|